Cuerpo y espíritu: la historia oculta de Occidente

保存先:
書誌詳細
第一著者: Berman, Morris (著者)
フォーマット: 図書
言語:スペイン語
出版事項: Santiago Cuatro Vientos 1992
版:1a. ed
主題:
タグ: タグ追加
タグなし, このレコードへの初めてのタグを付けませんか!

MARC

LEADER 00000cam a2200000 a 4500
001 UCE9454
003 CL-VaPUC
008 151022e19920000cl |||||||||||||||||spa|d
020 |a 8489333394 
082 0 4 |a 306  |b BER  |2 21 
100 0 |a Berman, Morris  |e author  |9 582294 
245 1 0 |a Cuerpo y espíritu: la historia oculta de Occidente 
250 |a 1a. ed 
300 |a 418 p 
942 |c BK 
945 |d 20151022 17:18:00  |a dcastane 
260 |a Santiago  |b Cuatro Vientos  |c 1992 
650 0 |a Estética   |9 264950 
650 0 |a Aspectos psicológicos  |9 258128 
650 0 |a Afecto  |9 326390 
650 0 |a Globalización  |9 361930 
583 |a last modification  |c 20180514 09:49:31  |k Rodrigo Vera 
999 |c 361118  |d 361116 
952 |0 0  |1 0  |3 erb  |4 0  |6 306_000000000000000_BER_1992  |7 0  |8 A  |9 471451  |a BIBTEO  |b BIBTEO  |i 5244528  |o 306 BER 1992  |p 5244528  |r 2025-01-17  |w 2019-11-24  |y BK  |z Catalogado en:20151022  |k ICR